Optimismus, střízlivost, úskalí. Reformní proces očima britského profesora.

Výťah prednášky profesora D. Begga z Birbeck College o základoch procesu transformácie bývalých centrálne plánovaných ekonomík. Stanovisko k situácii v ČSFR. Pozitívne vyjadrenie k východiskovým podmienkam reformy a k základným zámerom reformy. Upozornenie na úskalia reformného procesu.

Salvato in:
Dettagli Bibliografici
Autore principale: Begg, D.
Natura: Capitolo di libro
Lingua:ceco
Soggetti:
Tags: Aggiungi Tag
Nessun Tag, puoi essere il primo ad aggiungerne!!

MARC

LEADER 00000naa a2200000 4500
001 r002950
005 20221125080145.6
041 0 |a cze 
044 |a [CS] 
245 1 0 |a Optimismus, střízlivost, úskalí.  |b Reformní proces očima britského profesora.  |c D. Begg 
520 |a Výťah prednášky profesora D. Begga z Birbeck College o základoch procesu transformácie bývalých centrálne plánovaných ekonomík. Stanovisko k situácii v ČSFR. Pozitívne vyjadrenie k východiskovým podmienkam reformy a k základným zámerom reformy. Upozornenie na úskalia reformného procesu. 
610 2 0 |a reformy hospodárske 
610 2 0 |a ČSFR 
610 2 0 |a Begg, D. 
100 1 |a Begg, D.